Africa: Journal of the International African Institute (Record no. 10815)

MARC details
000 -LEADER
fixed length control field 00604nam a22001817a 4500
008 - FIXED-LENGTH DATA ELEMENTS--GENERAL INFORMATION
fixed length control field 161207b xxu||||| |||| 00| 0 eng d
022 ## - ISSN
International Stands Serial Number 1750-0184
050 ## - LIBRARY OF CONGRESS CALL NUMBER
Classification Number PL 8000
Item Number .A4
090 ## - LOCALLY ASSIGNED LC-TYPE CALL NUMBER (OCLC); LOCAL CALL NUMBER (RLIN)
Classification number (OCLC) 225262869
245 ## - TITLE
Title Africa: Journal of the International African Institute
250 ## - EDITIONSTATEMENT
Edition statement eJournal/eMagazine:
Remainder of edition statement English
260 ## - PUBLICATION, DISTRIBUTION, ETC.(IMPRINT)
Place of publication, distribution, etc [London]:
Name of publisher, distributor, etc Edinburgh Univ. Press JSTOR,
Date of publication, distribution, etc [Not Identified].
300 ## - PHYSICAL DESCRIPTION
Extent 37-54 p.
Other physical details maps
Dimensions 24 cm.
500 ## - GENERALNOTE
General note Gesehen am 16.01.06
650 ## - SUBJECT--TOPIC
Source of heading or term Gesellschaft.
Topical term or geographic name as entry element Kultur.
Form subdivision Afrika.
710 ## - ADDED ENTRY--CORPORATE NAME
Corporate name or jurisdiction name as entry element International Institute of African Languages and Cultures
942 ## - ADDED ENTRY ELEMENTS(KOHA)
Source of classification or shelving scheme Library of Congress Classification
Koha item type Books
Holdings
Source of classification or shelving scheme Not for loan Location (home branch) Sublocation (holding branch) Date accessioned Full call number Barcode Koha item type
Library of Congress Classification Not For Loan Jesuit Historical Institute in Africa Jesuit Historical Institute in Africa 07/12/2016 PL 8000 .A4 10403 Books